Capitalisms: Toward a global history (Record no. 395963)

MARC details
000 -LEADER
fixed length control field 00543 a2200205 4500
005 - DATE & TIME
control field 20260310112119.0
008 - FIXED-LENGTH DATA ELEMENTS--GENERAL INFORMATION
fixed length control field 260310b |||||||| |||| 00| 0 eng d
020 ## - ISBN
International Standard Book Number 9780199499717
Price Rs. 1695.00
040 ## - CATALOGING SOURCE
Original cataloging agency VIVEKANANDA LIBRARY
082 ## - DDC NUMBER
Classification number 330.122
Book Number Y29C
100 ## - MAIN ENTRY--PERSONAL NAME
Personal name Yazdani, Kaveh, ed.
245 ## - TITLE STATEMENT
Title Capitalisms: Toward a global history
260 ## - PUBLICATION, DISTRIBUTION, ETC. (IMPRINT)
Name of publisher, distributor, etc Oxford University Press
Date of publication, distribution, etc 2022
Place of publication, distribution, etc New Delhi
300 ## - PHYSICAL DESCRIPTION
Pages xi, 397
650 ## - Subject
Subject Economics
650 ## - Subject
Subject Capitalism
650 ## - Subject
Subject Economic Theory
700 ## - Added Entry Personal Name
Added Entry Personal Name Menon, Dilip M, ed.
942 ## - ADDED ENTRY ELEMENTS (KOHA)
Koha item type Books
Holdings
Withdrawn status Lost status Source of classification or shelving scheme Damaged status Not for loan Location (home branch) Sublocation or collection (holding branch) Shelving location Date acquired Koha issues (times borrowed) Koha full call number Accession No. Koha date last seen Koha item type
    Dewey Decimal Classification     VIVEKANANDA LIBRARY VIVEKANANDA LIBRARY Vivekananda Library 27/01/2026 1 330.122 Y29C 444901 03/04/2026 Books
© Designed and Maintained by Vivekananda Library, MDU Rohtak